000 00887cam a22003017a 4500
003 CHAP
005 20220329140821.0
008 971013s1945 r 00010 d
010 _a58082
011 _a59054
035 _a63211
040 _cCHAP
082 _a598.12
_bS55
100 0 0 _aSmith, Hobart M.
_9107034
245 1 3 _aAn annotated checklist and key to the snakes of Mexico
260 _aWashington :
_bSmithsonian Institutions,
_c1945
300 _a239 p.
490 0 _aBulletin
_v; 187
590 _aBATCH-UPD
_b10
_c20130110
_lUCH01
_h0347
590 _aBATCH-UPD
_b10
_c20130110
_lUCH01
_h1940
590 _aCONVERSION
_b10
_c20130109
_lUCH01
_h1331
650 1 4 _aSerpientes.
_9105185
700 0 _aTaylor, Edward H.
_9111794
830 0 _aBulletin
_v; 187
_916039
901 _aBK
942 _cLIBRO
949 _a598.12 S55
_bBC
_cLIBRO
_d-135763
_eLIBRO
_h27193
_i63211
_si
999 _c58082
_d58082